नारी तुम अनन्या हो / (Record no. 113497)

MARC details
000 -LEADER
fixed length control field 01222nam a22002657a 4500
005 - DATE AND TIME OF LATEST TRANSACTION
control field 20170124102954.0
010 ## - LIBRARY OF CONGRESS CONTROL NUMBER
LC control number B-0287533
020 ## - INTERNATIONAL STANDARD BOOK NUMBER
Terms of availability 150.00
International Standard Book Number 8188457108
035 ## - SYSTEM CONTROL NUMBER
System control number B-287533
037 ## - SOURCE OF ACQUISITION
Source of stock number/acquisition Cen Lib/Ret
040 ## - CATALOGING SOURCE
Original cataloging agency DPL
Language of cataloging HN
082 ## - DEWEY DECIMAL CLASSIFICATION NUMBER
Classification number
Item number महंत
100 ## - MAIN ENTRY--PERSONAL NAME
Personal name महंत, जयश्री गोस्वामी
9 (RLIN) 46470
245 ## - TITLE STATEMENT
Title नारी तुम अनन्या हो /
Statement of responsibility, etc जयश्री गोस्वामी महंत; अनुवादक दिनकर कुमार
246 ## - VARYING FORM OF TITLE
Title proper/short title Naari tum annaya ho /
Remainder of title by Jayshree Goswami Mahant; anuvadak Dinkar Kumar
260 ## - PUBLICATION, DISTRIBUTION, ETC. (IMPRINT)
Place of publication, distribution, etc नयी दिल्ली
Name of publisher, distributor, etc कल्याणी शिक्षा परिषद
Date of publication, distribution, etc 2007
270 ## - ADDRESS
City नयी दिल्ली
Address 3320-21, जात्वादा, दरयागंज
Postal code 110002
300 ## - PHYSICAL DESCRIPTION
Extent 128पृ.
Dimensions 19सेमी(सजिल्द )
650 ## - SUBJECT ADDED ENTRY--TOPICAL TERM
Topical term or geographic name as entry element हिंदी साहित्य
General subdivision
Geographic subdivision
9 (RLIN) 52535
650 ## - SUBJECT ADDED ENTRY--TOPICAL TERM
Topical term or geographic name as entry element हिंदी कहानियां
9 (RLIN) 2082
650 ## - SUBJECT ADDED ENTRY--TOPICAL TERM
Topical term or geographic name as entry element Hindi literature
Form subdivision
9 (RLIN) 52536
650 ## - SUBJECT ADDED ENTRY--TOPICAL TERM
Topical term or geographic name as entry element Hindi stories
9 (RLIN) 52537
700 ## - ADDED ENTRY--PERSONAL NAME
Personal name दिनकर कुमार
9 (RLIN) 52530
942 ## - ADDED ENTRY ELEMENTS (KOHA)
Source of classification or shelving scheme Dewey Decimal Classification
Koha item type Hindi Books
Classification part
Call number suffix महंत
Holdings
Withdrawn status Lost status Damaged status Not for loan Home library Current library Date acquired Source of acquisition Cost, normal purchase price Total Checkouts Full call number Barcode Date last seen Copy number Cost, replacement price Price effective from Koha item type
        Central Library Central Library 12/08/2015 Cen Lib/Ret 150.00   क महंत B-0287533 12/08/2015 1 150.00 12/08/2015 Hindi Books

© Delhi Public Library
Hit Counter
free hit counter